| 000 | 00819nam a2200277 a 4500 | ||
|---|---|---|---|
| 999 |
_c8743 _d8743 |
||
| 001 | 8743 | ||
| 003 | BD-JhCC | ||
| 005 | 20180920091134.0 | ||
| 008 | 180303s1975 mau b 000 0 eng d | ||
| 020 | _a0669947067 | ||
| 035 | _a(BD-JhCC)8743 | ||
| 040 |
_aBD-JhCC _cDLC _dBD-JhCC |
||
| 041 | _aeng | ||
| 050 | 0 | 0 |
_aD511 _b.L329 1975 |
| 082 | 0 | 0 |
_a940.3/11 _bLEE 1975 |
| 100 | 1 |
_aLee, Dwight Erwin, _d1898- |
|
| 245 | 1 | 4 |
_aThe outbreak of the First World War : _bwho was responsible? / _cedited and with an introd. by Dwight E. Lee. |
| 250 | _a4th ed. | ||
| 260 |
_aLexington, Mass. : _bHeath, _cc1975. |
||
| 300 |
_axvi, 175 p. ; _c21 cm. |
||
| 440 | 0 | _aProblems in European civilization | |
| 504 | _aBibliography: p. 171-175. | ||
| 650 | 0 |
_aWorld War, 1914-1918 _xCauses. |
|
| 942 |
_2ddc _cBK |
||